000 00551nam a2200145 a 4500
008 101101s1997 ||||||||||||||||| || |
050 _aCBU-SB(05)JB
100 _aMohan, P. V
245 1 0 _aZambian manufacturing industry: the globalisation challenge
260 _aKitwe
_bCopperbelt University School of Business
_c1997
300 _a51-56pp.
350 _a0.00
650 0 _aBUSINESS
995 _D0.00
_FCBU-MAIN LIBRARY (Kitwe)
_H1
_I0.00
_M1
_UAVAILABLE
_WNov 1, 2010
_ZZambiana Collection
999 _c62423
_d62423